Fotoelektričeskije preobrazovateli peremesčenija stankam i robotam

Bibliographic Details
Main Author: Dzetavjackas, Romanas (Author)
Format: Article
Language:Russian
PhysicalDescription:Obr. 2. Tb. 1. Grafy 2.
Subjects:

MARC

LEADER 00000nab a2200000 a 4500
001 vtls000372755
003 SK-MaSNL
005 20260319075030.0
008 111202c1988 xo 0 rus
015 |a SNBRA19rr/mm-uuuuu 
035 |a CL0372877 
040 |a SNKBUCL  |b slo  |c SNKBUCL  |e AACR2 
041 0 |a rus 
044 |a xo  |c SK 
080 |a 621.9.06:007.5  |2 1981 
080 |a 007.5  |2 1981 
080 |a 681.518.5  |2 1981 
100 1 |a Dzetavjackas, Romanas  |4 aut  |9 953312 
245 1 0 |a Fotoelektričeskije preobrazovateli peremesčenija stankam i robotam  |c Romanas Dzetavjackas 
300 |b Obr. 2. Tb. 1. Grafy 2. 
650 0 7 |a stroje obrábacie  |2 snkbucl  |9 621500 
650 0 7 |a priemyselné roboty  |2 snkbucl  |9 31851 
650 0 7 |a prevodníky fotoelektrické  |2 snkbucl  |9 953313 
655 7 |a články zo zborníkov  |2 snkbucl  |9 166140 
773 0 |t Meranie a meracia technika v strojárstve  |d Žilina : Dom techniky ČSVTS, 1988  |g S. 143-150 
850 |a Slovenská národná knižnica v Martine  |a MTA001 
852 |a SNK  |b KIS3GCP 
958 |a RK 
958 |a SU 
992 |a RZB 
999 |c 1520721  |d 1522651